Library Banner

Springer handbook of odor / (Record no. 116991)

MARC details
000 -LEADER
fixed length control field 00425nam a22001575i 4500
001 - CONTROL NUMBER
control field 19270317
005 - DATE AND TIME OF LATEST TRANSACTION
control field 20200211114506.0
008 - FIXED-LENGTH DATA ELEMENTS--GENERAL INFORMATION
fixed length control field 160909s2016 nyu 000 0 eng
020 ## - INTERNATIONAL STANDARD BOOK NUMBER
International Standard Book Number 9783319269306 (hardcover : alk. paper)
040 ## - CATALOGING SOURCE
Transcribing agency PK-LaUMT
082 ## - DEWEY DECIMAL CLASSIFICATION NUMBER
Classification number 612.86
Item number SPR-
245 00 - TITLE STATEMENT
Title Springer handbook of odor /
Statement of responsibility, etc edited by Andrea Buettner
260 ## - PUBLICATION, DISTRIBUTION, ETC. (IMPRINT)
Place of publication, distribution, etc London :
Name of publisher, distributor, etc Springer,
Date of publication, distribution, etc 2017
300 ## - PHYSICAL DESCRIPTION
Extent 1151 p.
942 ## - ADDED ENTRY ELEMENTS (KOHA)
Koha item type Books
Holdings
Withdrawn status Lost status Damaged status Home library Current library Date acquired Full call number Barcode Date last seen Price effective from Koha item type
      UMT Main Campus UMT Main Campus 2020-02-11 612.86 SPR- 133228 2020-02-11 2020-02-11 Books